LEADER 00804nam1 2200301 450 001 990002691440203316 005 20051202110727.0 035 $a000269144 035 $aUSA01000269144 035 $a(ALEPH)000269144USA01 035 $a000269144 100 $a20051202d1880----km-y0itaa50------ba 101 0 $aita 102 $aIT 200 1 $aEnglish men of letters$fedited by John Morley 210 $aLondon$cMacmillan and Co.$d1880 215 $av.$d19 cm 463 \1$1001990002128540203316$12001 $aByron 676 $a821 702 1$aMORLEY,$bJohn 912 $a990002691440203316 951 $aA$bL.M.$cA 959 $aBK 969 $aUMA 979 $aPAOLA$b90$c20051202$lUSA01$h1105 979 $aPAOLA$b90$c20051202$lUSA01$h1107 996 $aEnglish men of letters$972036 997 $aUNISA LEADER 00717nam0-22002771i-450- 001 990001265690403321 035 $a000126569 035 $aFED01000126569 035 $a(Aleph)000126569FED01 035 $a000126569 100 $a20000920d1903----km-y0itay50------ba 101 0 $aeng 200 1 $aLerhbuch der Thetafunktionen$fA. Krazer 210 $aLeipzig$cDruck und Verlag$d1903 300 $aBand 12 610 0 $aFunzioni theta 676 $a515.984 700 1$aKrazer,$bAdolf$08601 801 0$aIT$bUNINA$gRICA$2UNIMARC 901 $aBK 912 $a990001265690403321 952 $a3-F-36$b1236$fMA1 959 $aMA1 996 $aLerhbuch der Thetafunktionen$9379909 997 $aUNINA DB $aING01